Norma / (Record no. 2443)
[ view plain ]
| 000 -LEADER | |
|---|---|
| fixed length control field | 00759nam a2200277 i 4500 |
| 001 - CONTROL NUMBER | |
| control field | 1088 |
| 003 - CONTROL NUMBER IDENTIFIER | |
| control field | GBCCL |
| 005 - DATE AND TIME OF LATEST TRANSACTION | |
| control field | 20241126110429.0 |
| 008 - FIXED-LENGTH DATA ELEMENTS--GENERAL INFORMATION | |
| fixed length control field | 770708s1976 iluaf 00010aeng |
| 010 ## - | |
| -- | 76042117 /MN |
| 020 ## - INTERNATIONAL STANDARD BOOK NUMBER | |
| International Standard Book Number | 084234716X : |
| Terms of availability | $7.95 |
| 035 ## - SYSTEM CONTROL NUMBER | |
| System control number | OCM02568585 820327 |
| 040 ## - CATALOGING SOURCE | |
| Original cataloging agency | DLC |
| Transcribing agency | DLC |
| Modifying agency | LBB |
| 049 ## - | |
| -- | LBBK |
| 050 0# - | |
| -- | ML420.Z55 |
| -- | A3 |
| 082 ## - DEWEY DECIMAL CLASSIFICATION NUMBER | |
| Classification number | 783.7092 |
| -- | B |
| Item number | ZIM |
| 092 ## - LOCALLY ASSIGNED DEWEY CALL NUMBER (OCLC) | |
| Classification number | 783.70924 |
| Item number | Z72 |
| 100 10 - MAIN ENTRY--PERSONAL NAME | |
| Personal name | Zimmer, Norma. |
| 9 (RLIN) | 5067 |
| 245 10 - TITLE STATEMENT | |
| Title | Norma / |
| Statement of responsibility, etc. | Norma Zimmer. |
| 260 0# - PUBLICATION, DISTRIBUTION, ETC. | |
| Place of publication, distribution, etc. | Mineapolis. : |
| Name of publisher, distributor, etc. | World wide publications, |
| Date of publication, distribution, etc. | 1976. |
| 300 ## - PHYSICAL DESCRIPTION | |
| Extent | 189p. ; |
| Other physical details | ill. ; |
| Dimensions | 22 cm. |
| 500 ## - GENERAL NOTE | |
| General note | Autobiographical. |
| 600 10 - SUBJECT ADDED ENTRY--PERSONAL NAME | |
| Personal name | Zimmer, Norma. |
| 9 (RLIN) | 5067 |
| 650 #0 - SUBJECT ADDED ENTRY--TOPICAL TERM | |
| Topical term or geographic name entry element | Gospel musicians |
| Geographic subdivision | United States |
| General subdivision | Biography. |
| 9 (RLIN) | 5068 |
| 942 ## - ADDED ENTRY ELEMENTS (KOHA) | |
| Source of classification or shelving scheme | Dewey Decimal Classification |
| Koha item type | Books |
| Withdrawn status | Lost status | Source of classification or shelving scheme | Damaged status | Not for loan | Home library | Current Library | Shelving location | Date acquired | Total checkouts | Full call number | Barcode | Date last seen | Copy number | Price effective from | Koha item type |
|---|---|---|---|---|---|---|---|---|---|---|---|---|---|---|---|
| Dewey Decimal Classification | GRACE BIBLE COLLEGE | GRACE BIBLE COLLEGE | General Studies | 2017-08-14 | 783.7092 ZIM | 001098 | 2025-05-01 | c.1 | 2017-08-14 | Books | |||||
| Dewey Decimal Classification | GRACE BIBLE COLLEGE | GRACE BIBLE COLLEGE | General Studies | 2017-08-14 | 783.7092 ZIM | 007088 | 2025-05-01 | c.2 | 2017-08-14 | Books | |||||
| Dewey Decimal Classification | GRACE BIBLE COLLEGE | GRACE BIBLE COLLEGE | General Studies | 2017-08-14 | 783.7092 ZIM | 007475 | 2025-05-01 | c.3 | 2017-08-14 | Books |